hierarchical linear and nonlinear modeling / (Record no. 49024)
[ view plain ]
| 000 -LEADER | |
|---|---|
| fixed length control field | 00751nam a22001817a 4500 |
| 008 - FIXED-LENGTH DATA ELEMENTS--GENERAL INFORMATION | |
| fixed length control field | 170228b xxu||||| |||| 00| 0 eng d |
| 020 ## - INTERNATIONAL STANDARD BOOK NUMBER | |
| International Standard Book Number | 9780894980541 |
| 050 ## - LIBRARY OF CONGRESS CALL NUMBER | |
| Classification number | HA29 |
| Item number | .H64 2004 |
| 245 ## - TITLE STATEMENT | |
| Title | hierarchical linear and nonlinear modeling / |
| Statement of responsibility, etc | Stephen W. Raudenbush ... [and others] |
| 246 ## - VARYING FORM OF TITLE | |
| Title proper/short title | Hierarchical linear and nonlinear modeling |
| 260 ## - PUBLICATION, DISTRIBUTION, ETC. (IMPRINT) | |
| Place of publication, distribution, etc | Lincolnwood, Ill. : |
| Name of publisher, distributor, etc | Scientific Software Int. Incorporated, |
| Date of publication, distribution, etc | 2004 |
| 300 ## - PHYSICAL DESCRIPTION | |
| Extent | 297 pages : |
| Other physical details | illustrations ; |
| Dimensions | 23 cm |
| 500 ## - GENERAL NOTE | |
| General note | Includes bibliographical references (pages 294-297) and <br/> index |
| 650 ## - SUBJECT ADDED ENTRY--TOPICAL TERM | |
| Topical term or geographic name as entry element | Social sciences |
| General subdivision | Statistical methods |
| 650 ## - SUBJECT ADDED ENTRY--TOPICAL TERM | |
| Topical term or geographic name as entry element | Linear models (Statistics) |
| 650 ## - SUBJECT ADDED ENTRY--TOPICAL TERM | |
| Topical term or geographic name as entry element | Social sciences |
| General subdivision | Computer programs |
| 942 ## - ADDED ENTRY ELEMENTS (KOHA) | |
| Source of classification or shelving scheme | Library of Congress Classification |
| Item type | Book |
| Withdrawn status | Lost status | Source of classification or shelving scheme | Damaged status | Not for loan | Collection code | Home library | Current library | Shelving location | Date acquired | Source of acquisition | Cost, normal purchase price | Full call number | Barcode | Copy number | Price effective from | Koha item type |
|---|---|---|---|---|---|---|---|---|---|---|---|---|---|---|---|---|
| Library of Congress Classification | Non-fiction | Bishop Okullu Memorial Library (Limuru Campus) | Bishop Okullu Memorial Library (Limuru Campus) | General Circulation | 28/02/2017 | Donation-BFA | 1000.00 | HA29 .H64 2004 | 051220 | 1 | 28/02/2017 | Book |